| 000 | 005020000a22001570004500 | ||
|---|---|---|---|
| 005 | 20231225192801.0 | ||
| 008 | 230817t1990 ||||| |||| 00| 0 eng d | ||
| 082 |
_a363.325 _bUNI |
||
| 110 | _aUniversity Teachers for human rights (Jaffna) | ||
| 245 | _aSpecial report no.1, The bombing in Jaffna & special report no.2 (provincial), operation major | ||
| 260 |
_aThirunelveli: _bUTHR (Jaffna), _c1990 |
||
| 300 | _a22 p. | ||
| 650 | _aHUMAN RIGHTS-Jaffna | ||
| 650 | _aTerrorism-Sri Lanka | ||
| 942 | _cRP | ||
| 999 |
_c2535 _d2535 |
||